000 00645nam a22001937a 4500
003 0
005 20240725153731.0
008 240725b xxu||||| |||| 00| 0 eng d
020 _a9781774697474
050 _aHD 69
_b.M37 2024
100 _aMartirosyan, Robert
245 _aInformation technology project management
_cRobert Martirosyan
260 _aBurlington, Ontario
_bTAP Toronto Academic Press
_c2024
300 _axi, 230 pages :
_bcolored illustrations ;
_c26cm.
504 _aIncludes bibliographical references and index.
650 _aProject management.
650 _aInformation technology--management.
942 _2lcc
_cBK
999 _c366030
_d366030